[Event "Eliminacje Strefowe do MPJ WP+ZP - C-13"]
[Site "Skorzecin"]
[Date "2018.09.30"]
[Round "9.2"]
[White "Luczak, Filip"]
[Black "Ullrich, Karol"]
[Result "1-0"]
[BlackElo "1330"]
[WhiteElo "2095"]
[LiveChessVersion "1.4.8"]

1. Nf3 {[%clk 1:30:58]} Nf6 {[%clk 1:30:51]} 2. g3 {[%clk 1:31:22]} d5
{[%clk 1:31:16]} 3. Bg2 {[%clk 1:31:49]} c6 {[%clk 1:31:01]} 4. O-O
{[%clk 1:32:14]} Bg4 {[%clk 1:31:22]} 5. d3 {[%clk 1:32:37]} Nbd7
{[%clk 1:31:41]} 6. Nbd2 {[%clk 1:32:45]} e5 {[%clk 1:31:55]} 7. h3
{[%clk 1:32:49]} Bh5 {[%clk 1:32:19]} 8. e4 {[%clk 1:32:42]} dxe4
{[%clk 1:32:42]} 9. dxe4 {[%clk 1:33:04]} Bc5 {[%clk 1:31:48]} 10. c3
{[%clk 1:32:41]} a5 {[%clk 1:30:18]} 11. Qc2 {[%clk 1:31:32]} O-O
{[%clk 1:30:13]} 12. g4 {[%clk 1:30:34]} Bg6 {[%clk 1:30:28]} 13. Nh4
{[%clk 1:30:48]} Qc7 {[%clk 1:24:24]} 14. Nf5 {[%clk 1:24:58]} Ne8
{[%clk 1:21:04]} 15. Nb3 {[%clk 1:22:08]} Ba7 {[%clk 1:12:31]} 16. Bg5
{[%clk 1:20:36]} f6 {[%clk 1:09:43]} 17. Ne7+ Kh8 18. Nxg6+ {[%clk 1:20:35]} hxg6
{[%clk 1:10:07]} 19. Bh4 {[%clk 1:20:58]} g5 {[%clk 1:09:50]} 20. Bg3
{[%clk 1:21:23]} Nc5 {[%clk 1:10:07]} 21. Nxc5 {[%clk 1:17:17]} Bxc5
{[%clk 1:10:29]} 22. Rfd1 {[%clk 1:17:10]} Nd6 {[%clk 1:09:22]} 23. Rd3
{[%clk 1:12:55]} Rfd8 {[%clk 1:01:30]} 24. h4 gxh4 {[%clk 1:01:45]} 25. Bxh4
{[%clk 1:11:17]} g5 {[%clk 1:01:44]} 26. Bg3 {[%clk 1:11:36]} Qh7
{[%clk 1:01:54]} 27. Bxe5 {[%clk 1:07:34]} Kg7 {[%clk 1:00:09]} 28. Bg3
{[%clk 1:04:42]} Rh8 {[%clk 0:54:12]} 29. Rxd6 {[%clk 0:59:43]} Bxd6
{[%clk 0:54:15]} 30. Bxd6 {[%clk 1:00:12]} Rhd8 {[%clk 0:49:04]} 31. Bg3
{[%clk 1:00:06]} Qg8 {[%clk 0:49:00]} 32. e5 {[%clk 0:58:28]} fxe5
{[%clk 0:48:35]} 33. Bxe5+ {[%clk 0:58:43]} Kh6 {[%clk 0:48:28]} 34. Re1
{[%clk 0:56:43]} Qg6 {[%clk 0:44:52]} 35. Be4 {[%clk 0:55:43]} Qe6
{[%clk 0:45:06]} 36. Bf5 {[%clk 0:56:02]} 1-0

[Event "Eliminacje Strefowe do MPJ WP+ZP - C-13"]
[Site "Skorzecin"]
[Date "2018.09.30"]
[Round "9.3"]
[White "Stachecki, Mikolaj"]
[Black "Lokaj, Bartlomiej"]
[Result "1-0"]
[BlackElo "1485"]
[WhiteElo "1482"]
[LiveChessVersion "1.4.8"]

1. e4 {[%clk 1:27:45]} e5 {[%clk 1:30:44]} 2. Bc4 {[%clk 1:28:10]} Nc6
{[%clk 1:29:47]} 3. d3 {[%clk 1:28:12]} Bc5 4. Nc3 {[%clk 1:27:56]} Nf6
{[%clk 1:30:13]} 5. f4 d6 {[%clk 1:01:29]} 6. Nf3 {[%clk 1:24:49]} Ng4
{[%clk 0:46:13]} 7. Ng5 O-O 8. h3 {[%clk 0:58:23]} exf4 {[%clk 0:42:24]} 9. Bxf4
Qf6 10. Qd2 {[%clk 0:43:52]} Nf2 {[%clk 0:29:27]} 11. Rf1 {[%clk 0:41:29]} Be6
{[%clk 0:25:30]} 12. Bb3 {[%clk 0:35:18]} Bxb3 {[%clk 0:22:13]} 13. axb3
{[%clk 0:35:37]} Nb4 {[%clk 0:20:28]} 14. Rc1 {[%clk 0:20:31]} d5
{[%clk 0:03:49]} 15. Na4 {[%clk 0:09:34]} Bd4 {[%clk 0:01:20]} 16. Be3
{[%clk 0:05:50]} b5 {[%clk 0:00:35]} 17. Bxd4 {[%clk 0:03:05]} Qxd4
{[%clk 0:00:52]} 18. Nf3 {[%clk 0:02:10]} Nbxd3+ {[%clk 0:00:57]} 19. cxd3
{[%clk 0:02:31]} Nxd3+ {[%clk 0:01:14]} 20. Kd1 {[%clk 0:02:34]} Nf2+
{[%clk 0:00:36]} 21. Rxf2 {[%clk 0:02:35]} Qxd2+ {[%clk 0:00:35]} 22. Nxd2
{[%clk 0:01:32]} bxa4 {[%clk 0:00:46]} 23. bxa4 {[%clk 0:01:53]} dxe4
{[%clk 0:00:53]} 24. Nxe4 {[%clk 0:02:19]} Rfe8 {[%clk 0:01:11]} 25. Nc3
{[%clk 0:02:04]} Rab8 {[%clk 0:01:16]} 26. Nb5 {[%clk 0:02:19]} c5
{[%clk 0:00:41]} 27. Rxc5 {[%clk 0:02:20]} a6 {[%clk 0:01:05]} 28. Nc3
{[%clk 0:02:23]} h6 {[%clk 0:01:02]} 29. Rc6 {[%clk 0:02:21]} Ra8
{[%clk 0:01:05]} 30. Kc2 {[%clk 0:02:24]} Re5 {[%clk 0:00:39]} 31. Na2
{[%clk 0:01:52]} a5 {[%clk 0:00:46]} 32. Nc3 {[%clk 0:02:08]} Ra7
{[%clk 0:00:35]} 33. Nb5 {[%clk 0:02:04]} Ra8 {[%clk 0:00:42]} 34. Rc7
{[%clk 0:02:05]} f6 {[%clk 0:00:41]} 35. Rd2 {[%clk 0:02:17]} Kh7
{[%clk 0:00:37]} 36. Ra7 {[%clk 0:02:06]} Rc5+ {[%clk 0:00:43]} 37. Kd1
{[%clk 0:01:43]} Rcc8 {[%clk 0:00:36]} 38. Rdd7 {[%clk 0:01:36]} Rd8
{[%clk 0:00:33]} 39. Rxd8 {[%clk 0:01:26]} Rxd8+ {[%clk 0:00:58]} 40. Ke2
{[%clk 0:01:35]} Re8+ {[%clk 0:01:02]} 41. Kd3 {[%clk 0:01:55]} Rd8+
{[%clk 0:00:35]} 42. Ke3 {[%clk 0:02:20]} Re8+ {[%clk 0:00:44]} 43. Kf3
{[%clk 0:02:45]} Re1 {[%clk 0:00:56]} 44. Nd4 {[%clk 0:02:17]} Rd1
{[%clk 0:00:43]} 45. Ne6 {[%clk 0:02:14]} Kg6 {[%clk 0:00:35]} 46. Nxg7
{[%clk 0:02:02]} Ra1 {[%clk 0:00:57]} 47. Rxa5 {[%clk 0:01:25]} Kxg7
{[%clk 0:01:02]} 48. b4 {[%clk 0:01:51]} Kf7 {[%clk 0:01:17]} 49. Ra7+
{[%clk 0:02:08]} Ke8 {[%clk 0:00:52]} 50. b5 {[%clk 0:02:15]} Kd8
{[%clk 0:00:38]} 51. b6 {[%clk 0:02:31]} Kc8 {[%clk 0:00:46]} 52. a5
{[%clk 0:02:47]} Rb1 {[%clk 0:00:34]} 53. Kg4 {[%clk 0:02:04]} Rb5
{[%clk 0:00:49]} 54. Rf7 {[%clk 0:01:35]} Rxa5 {[%clk 0:00:44]} 55. Rxf6
{[%clk 0:01:59]} Rg5+ {[%clk 0:01:00]} 56. Kf3 {[%clk 0:02:00]} h5
{[%clk 0:01:19]} 57. g3 {[%clk 0:02:08]} Kb7 {[%clk 0:01:24]} 58. Kf4
{[%clk 0:02:20]} Rb5 {[%clk 0:01:24]} 59. g4 {[%clk 0:01:39]} Rb3
{[%clk 0:00:46]} 60. gxh5 {[%clk 0:01:41]} Rxh3 {[%clk 0:01:05]} 61. h6
{[%clk 0:02:08]} Rh1 {[%clk 0:00:57]} 62. Kg5 {[%clk 0:02:21]} Rg1+
{[%clk 0:00:50]} 63. Kf5 {[%clk 0:02:35]} Rh1 {[%clk 0:01:05]} 64. Kg6
{[%clk 0:02:55]} Rg1+ {[%clk 0:01:31]} 65. Kh7 {[%clk 0:02:56]} Rd1
{[%clk 0:01:32]} 66. Kg7 {[%clk 0:03:03]} Rg1+ {[%clk 0:01:43]} 67. Rg6
{[%clk 0:03:25]} Rd1 {[%clk 0:01:51]} 68. h7 {[%clk 0:02:48]} Rd7+
{[%clk 0:02:10]} 69. Kh6 {[%clk 0:02:57]} Rd8 {[%clk 0:02:16]} 70. Rg8
{[%clk 0:03:11]} Rd6+ {[%clk 0:02:33]} 71. Kg5 {[%clk 0:03:29]} Rd5+
{[%clk 0:02:03]} 72. Kf4 {[%clk 0:03:38]} 1-0

[Event "Eliminacje Strefowe do MPJ WP+ZP - C-13"]
[Site "Skorzecin"]
[Date "2018.09.30"]
[Round "9.4"]
[White "Katny, Samuel"]
[Black "Jedraszek, Pawel"]
[Result "0-1"]
[BlackElo "1613"]
[WhiteElo "1357"]
[LiveChessVersion "1.4.8"]

1. e4 {[%clk 1:19:45]} c5 {[%clk 1:30:54]} 2. Nf3 {[%clk 1:20:07]} d6
{[%clk 1:31:19]} 3. Bc4 {[%clk 1:20:24]} Nf6 {[%clk 1:31:40]} 4. d3
{[%clk 1:20:42]} a6 {[%clk 1:31:55]} 5. a4 {[%clk 1:20:00]} e6 {[%clk 1:31:43]}
6. Bg5 {[%clk 1:19:05]} h6 {[%clk 1:31:49]} 7. Bh4 {[%clk 1:19:21]} Be7
{[%clk 1:32:00]} 8. Nc3 {[%clk 1:19:09]} Nc6 {[%clk 1:31:57]} 9. O-O
{[%clk 1:18:45]} O-O {[%clk 1:32:08]} 10. Nd2 {[%clk 1:16:53]} Ne5
{[%clk 1:21:13]} 11. Bb3 {[%clk 1:16:42]} Ng6 {[%clk 1:17:54]} 12. Bg3
{[%clk 1:15:17]} e5 {[%clk 1:15:55]} 13. Nd5 {[%clk 1:06:20]} Nxd5
{[%clk 1:15:15]} 14. Bxd5 {[%clk 1:06:26]} Bg5 {[%clk 1:14:19]} 15. Nc4
{[%clk 1:00:04]} a5 {[%clk 1:09:50]} 16. Ne3 {[%clk 0:51:20]} Rb8
{[%clk 1:06:13]} 17. Qh5 {[%clk 0:48:15]} Nf4 {[%clk 1:02:25]} 18. h4
{[%clk 0:43:54]} Nxh5 {[%clk 1:02:29]} 19. hxg5 {[%clk 0:42:30]} Qxg5
{[%clk 1:02:18]} 20. Bh2 {[%clk 0:42:13]} Nf4 {[%clk 1:01:34]} 21. Kh1
{[%clk 0:41:58]} Be6 {[%clk 1:00:59]} 22. g3 {[%clk 0:39:14]} Nxd5
{[%clk 1:00:24]} 23. Nxd5 {[%clk 0:39:31]} Bxd5 {[%clk 1:00:42]} 24. exd5
{[%clk 0:39:56]} f5 {[%clk 1:00:59]} 25. f4 {[%clk 0:38:11]} exf4
{[%clk 1:01:20]} 26. Rxf4 {[%clk 0:37:28]} Rbe8 {[%clk 1:01:34]} 27. Rf2
{[%clk 0:37:15]} Qh5 {[%clk 1:01:34]} 28. Raf1 {[%clk 0:36:22]} Re2
{[%clk 1:01:57]} 29. Kg2 {[%clk 0:36:45]} Rfe8 {[%clk 1:02:09]} 30. Bg1
{[%clk 0:34:30]} Rxf2+ {[%clk 1:02:21]} 31. Bxf2 {[%clk 0:34:45]} Re2
{[%clk 1:02:16]} 32. Rc1 {[%clk 0:34:52]} f4 {[%clk 1:01:51]} 33. Rh1
{[%clk 0:30:48]} Rxf2+ {[%clk 1:01:57]} 34. Kxf2 {[%clk 0:30:24]} Qxh1
{[%clk 1:02:25]} 35. gxf4 {[%clk 0:30:34]} h5 {[%clk 1:02:53]} 36. Ke3
{[%clk 0:30:37]} h4 {[%clk 1:03:22]} 37. Kd2 {[%clk 0:30:50]} h3 {[%clk 1:03:52]}
38. Kc3 {[%clk 0:31:08]} Qxd5 {[%clk 1:04:20]} 39. b3 {[%clk 0:31:20]} h2
{[%clk 1:04:49]} 40. f5 {[%clk 0:31:34]} h1=Q {[%clk 1:05:17]} 41. f6
{[%clk 0:31:34]} Qe1+ {[%clk 1:05:44]} 42. Kb2 {[%clk 0:31:54]} Qd4+
{[%clk 1:06:13]} 43. Ka2 {[%clk 0:32:13]} Qea1# {[%clk 1:06:42]} 0-1